Statistics for Top 10 Largest Island Countries in the World

Click here to take the quiz!

General Stats

  • This quiz has been taken 67 times
  • The average score is 9 of 10

Answer Stats

AreaCountry% Correct
11,904,569Indonesia
98%
6268,021New Zealand
98%
2587,041Madagascar
97%
4377,944Japan
94%
5300,000Philippines
94%
8109,884Cuba
91%
7242,495United Kingdom
89%
3462,840Papua New Guinea
88%
9102,775Iceland
85%
1070,273Ireland
80%

Score Distribution

Percentile by Number Answered

Percent of People with Each Score

Your Score History

You have not taken this quiz